| Tag |
First Indicator |
Second Indicator |
Subfields |
| LEADER |
00000cgm a2200000Ia 4500 |
| 001 |
in00002509776 |
| 005 |
20151113124755.0 |
| 007 |
vf cbahoq |
| 008 |
941207s1994 cau122 g vleng d |
| 020 |
|
|
|a 0790718979 :
|c $29.95
|
| 020 |
|
|
|a 9780790718972
|
| 029 |
1 |
|
|a NLGGC
|b 125536534
|
| 035 |
|
|
|a (OCoLC)ocm31624745
|
| 035 |
|
|
|a (OCoLC)31624745
|
| 037 |
|
|
|a 12982
|b Warner Home Video
|
| 040 |
|
|
|a IMD
|c IMD
|d OCL
|d RCS
|d BTCTA
|d OCLCQ
|d UtOrBLW
|
| 049 |
|
|
|a TXAM
|
| 050 |
|
4 |
|a PN1995.9.C55
|b B445 1994
|
| 082 |
0 |
4 |
|a 791.43/72
|2 22
|
| 090 |
|
|
|a PN1995.9.C55
|b B438 1994
|
| 245 |
0 |
0 |
|a Being human /
|c Warner Bros. presents an Enigma production ; in association with Fujisankei Communications Group, British Sky Broadcasting and Natwest Ventures.
|
| 264 |
|
1 |
|a Burbank, Calif. :
|b Warner Home Video,
|c [1994]
|
| 264 |
|
4 |
|c ©1994
|
| 300 |
|
|
|a 1 videocassette (122 min.) :
|b sound, color ;
|c 1/2 in.
|
| 336 |
|
|
|a two-dimensional moving image
|b tdi
|2 rdacontent
|
| 337 |
|
|
|a video
|b v
|2 rdamedia
|
| 338 |
|
|
|a videocassette
|b vf
|2 rdacarrier
|
| 538 |
|
|
|a VHS; Digitally processed. Hi-fi Dolby surround stereo.
|
| 546 |
|
|
|a Closed-captioned for the hearing impaired.
|
| 511 |
1 |
|
|a Robin Williams, John Turturro, Lindsay Crouse, Anna Galiena, Vincent D'Onofrio, Hector Elizondo, Lorraine Bracco.
|
| 508 |
|
|
|a Written and directed by Bill Forsyth ; produced by Robert F. Colesberry and David Putnam.
|
| 500 |
|
|
|a Videocassette release of the 1994 motion picture.
|
| 500 |
|
|
|a "This film has been modified as follows from its original version: it has been formatted to fit your screen"--Container.
|
| 500 |
|
|
|a "12982."
|
| 521 |
8 |
|
|a Rated PG-13.
|
| 520 |
|
|
|a In five distinct yet cleverly interlocked roles, Williams is a cave dweller, a Roman slave, a medieval wayfarer, a Portuguese nobleman shipwrecked in Africa and a modern Manhattanite whose homelife has hit the rocks. Each character reaches for survival, love, belonging-- for all the things that made humankind draw together in the first place.
|
| 500 |
|
|
|a Videorecording.
|
| 630 |
0 |
0 |
|a Survival
|v Drama.
|
| 650 |
|
0 |
|a Love
|v Drama.
|
| 650 |
|
0 |
|a Interpersonal relations
|v Drama.
|
| 655 |
|
7 |
|a Comedy films.
|2 lcgft
|
| 655 |
|
7 |
|a Feature films.
|2 lcgft
|
| 655 |
|
7 |
|a Fiction films.
|2 lcgft
|
| 655 |
|
7 |
|a Video recordings for the hearing impaired.
|2 lcgft
|
| 700 |
1 |
|
|a Williams, Robin,
|d 1951-2014.
|
| 700 |
1 |
|
|a Turturro, John,
|d 1957-
|
| 700 |
1 |
|
|a Crouse, Lindsay.
|
| 700 |
1 |
|
|a Galiena, Anna,
|d 1954-
|
| 700 |
1 |
|
|a D'Onofrio, Vincent.
|
| 700 |
1 |
|
|a Elizondo, Hector.
|
| 700 |
1 |
|
|a Bracco, Lorraine,
|d 1955-
|
| 700 |
1 |
|
|a Forsyth, Bill.
|
| 710 |
2 |
|
|a Warner Bros.
|
| 710 |
2 |
|
|a Enigma (Firm)
|
| 710 |
2 |
|
|a Fujisankei Communications Group.
|
| 710 |
2 |
|
|a British Sky Broadcasting.
|
| 710 |
2 |
|
|a Natwest Ventures.
|
| 710 |
2 |
|
|a Warner Home Video (Firm)
|
| 938 |
|
|
|a Baker and Taylor
|b BTCP
|n bl 99754850
|
| 994 |
|
|
|a C0
|b TXA
|
| 948 |
|
|
|a cataloged
|b h
|c 2009/12/15
|d c
|e blrosas
|f 4:08:43 pm
|
| 999 |
|
|
|a MARS
|
| 999 |
f |
f |
|s dd650a1a-0ab0-30c3-bfdf-11a7b9bffab7
|i 12e4c80d-06b2-330d-a6d2-8b3986f6e1b9
|t 0
|
| 952 |
f |
f |
|p ric
|a Texas A&M University
|b Rellis Campus
|c Joint Library Facility
|d Remote Storage
|t 0
|e PN1995.9.C55 B438 1994
|h Library of Congress classification
|i video -- videocassette
|m A14838049580
|
| 998 |
f |
f |
|a PN1995.9.C55 B438 1994
|t 0
|l Remote Storage
|